000 01470nam a22003858i 4500
999 _c28058
_d28029
001 018743017
003 EG-ScBUE
005 20200212122913.0
008 180131t2020 enka f 001 0 eng d
020 _a9781292247137
020 _a1292247134
040 _aStDuBDS
_beng
_erda
_cStDuBDS
_dEG-ScBUE
082 0 4 _a624.171
_bHIB
_222
100 1 _aHibbeler, R. C.,
_eauthor.
245 1 0 _aStructural analysis /
_cR. C. Hibbeler ; SI conversion by Kai Beng Yap ; with additional SI contributions by Farid Abed.
250 _aTenth edition in SI units.
250 _aGlobal edition.
264 1 _aHarlow, United Kingdom :
_bPearson Education Limited,
_c[2020]
264 4 _cc2020
300 _a735 pages :
_billustrations (black and white, and colour) ;
_c26 cm
336 _atext
_2rdacontent
_btxt
336 _astill image
_2rdacontent
_btxt
337 _aunmediated
_2rdamedia
_bn
338 _avolume
_2rdacarrier
_bnc
500 _aPrevious edition : 2017.
500 _aIncludes index.
520 _aFeaturing over 100 photographs this text includes project problems that involve realistic structural systems. These projects give students a sense of what is required to model and then analyze an actual structure.
650 7 _aStructural analysis (Engineering)
_2BUEsh
653 _bHHUUEENN
_cFebruary2020
655 _vReading book
_934232
700 1 _aYap, Kai Beng.
700 1 _aAbed, Farid.
942 _2ddc
_cBB